|
|
|
|
| LEADER |
00916nam a2200253 a 4500 |
| 001 |
000589933 |
| 003 |
CZ BrMZK |
| 005 |
20080318132258.0 |
| 007 |
ta |
| 008 |
020312s1906 xr f cze d |
| 015 |
|
|
|a cnb000639189
|
| 040 |
|
|
|a BOA001
|b cze
|c BOA001
|
| 100 |
1 |
|
|a Macháček, Jan,
|d 1850-1927
|7 jk01072941
|4 aut
|
| 245 |
1 |
0 |
|a Stručné dějiny zeměpisu školského a jeho method /
|c napsal Jan Macháček
|
| 260 |
|
|
|a V Telči :
|b E. Šolc,
|c [1906?]
|
| 300 |
|
|
|a 68 s.
|
| 490 |
1 |
|
|a Šolcovy příručky pro učitelstvo ;
|v sv. 16
|
| 830 |
|
0 |
|a Šolcovy příručky pro učitelstvo
|
| 910 |
|
|
|a BOA001
|b PK-II-0015.582
|
| 964 |
|
|
|a Zeměpis - metodika - dějiny
|
| 990 |
|
|
|a BK
|
| 993 |
|
|
|a Y
|
| 996 |
6 |
|
|b 3119686206
|c PK-II-0015.582
|l MZK
|r Sklad / do 1 hodiny
|n 1
|w 000589933
|u 000010
|a 1
|e BOA001
|j MZK50
|s P
|
| 996 |
6 |
|
|b BC-18172
|c PK-II-0015.582
|l MZK
|r Sklad / do 1 hodiny
|n 0
|w 000589933
|u 000020
|a 1
|e BOA001
|j MZK50
|s P
|